Studi pedagogici in servigio degli studenti universitari delle scuole normali e degli istituti educativi / (Record no. 19058)
[ view plain ]
| 000 -LEADER | |
|---|---|
| fixed length control field | 00711cam a22002177a 4500 |
| 001 - CONTROL NUMBER | |
| control field | e 10001770 |
| 003 - CONTROL NUMBER IDENTIFIER | |
| control field | DLC |
| 005 - DATE AND TIME OF LATEST TRANSACTION | |
| control field | 20260227111154.0 |
| 008 - FIXED-LENGTH DATA ELEMENTS--GENERAL INFORMATION | |
| fixed length control field | 070917s1893 it 000 0 ita d |
| 010 ## - LIBRARY OF CONGRESS CONTROL NUMBER | |
| LC control number | e 10001770 |
| 040 ## - CATALOGING SOURCE | |
| Original cataloging agency | Library, U.S. Bur. of Education |
| Transcribing agency | YUS |
| Modifying agency | DLC |
| 035 ## - SYSTEM CONTROL NUMBER | |
| System control number | (OCoLC)ocm43705808 |
| 035 ## - SYSTEM CONTROL NUMBER | |
| System control number | (OCoLC)43705808 |
| Canceled/invalid control number | (OCoLC)41557290 |
| 042 ## - AUTHENTICATION CODE | |
| Authentication code | lccopycat |
| 050 00 - LIBRARY OF CONGRESS CALL NUMBER | |
| Classification number | MLCM 2007/44708 (L) |
| 100 1# - MAIN ENTRY--PERSONAL NAME | |
| Personal name | Allievo, Giuseppe. |
| 245 10 - TITLE STATEMENT | |
| Title | Studi pedagogici in servigio degli studenti universitari delle scuole normali e degli istituti educativi / |
| Statement of responsibility, etc. | per Giuseppe Allievo. |
| 260 ## - PUBLICATION, DISTRIBUTION, ETC. | |
| Place of publication, distribution, etc. | Torino : |
| Name of publisher, distributor, etc. | Tip. subalpina S. Marino, |
| Date of publication, distribution, etc. | 1893. |
| 300 ## - PHYSICAL DESCRIPTION | |
| Extent | 399 p. ; |
| Dimensions | 27 cm. |
| 650 #0 - SUBJECT ADDED ENTRY--TOPICAL TERM | |
| Topical term or geographic name entry element | Education. |
No items available.